1396 1995 1999 1767 1054 1992 1017 1129 1908 1754 1808 1984 1644 1536 1222 1899 1089 1995 1212 1534 1126 1580 1985 1342 1102 1494 1717 1486 1923 1923 1563 1763 1714 1741 1518 1192 1800 1789 1482 1677 1226 1494 1648 1304 1001 1716 1047 1217 1235 1688 1232 1398 1652 1816 1316 1718 1663 1486 1191 1882 1016 1758 1075 1825 1933 1064 1392 1196 1648 1176 1504 1508 1105 1477 1785 1490 1956 1865 1222 1341 1202 1319 1867 1637 1527 1479 1707 1197 1981 1108 1033 1566 1846 1019 1120 1222 1766 1917 1056 BCNSPRNW ULIB Ver.6.0+V

เปลี่ยนเป็นภาษาไทย

Change to English
 แสดงรายละเอียดบรรณานุกรม
  กลับหน้าหลัก

Brief Record : Get Marc (ISO 2709) : E-mail record : QR code < ปิดหน้าต่าง
LEADER : 00000nam 2200000uu 4500
001    13399123208
003     ULIB
008    020711s2551 th a 000 0 tha d
020    9789741305803
090    นว.^bป111อ
100    ปาปิญอง
245    อัญมณีสีเลือด /^cปาปิญอง
250    พิมพ์ครั้งที่ 1
260    กรุงเทพฯ :^bบลูบัตเตอร์ฟลาย,^c2551
300    190 หน้า;^b21 ซม.
710    บลูบัตเตอร์ฟลาย
945    ^p169^l0^i20344
999    ^aทศพร เกษรทอง
รายการนี้ยังไม่มีแท็ก
คุณยังไม่ได้ล็อกอิน คุณสามารถมีกิจกรรมร่วมกับเว็บไซต์ได้ แต่ต้องล็อกอินก่อน ::
  ล็อกอิน

รายการสื่อสารสนเทศ

ลำดับที่ ประเภท เลขเรียก/บาร์โค้ด สถานที่ สถานะ
1. นวนิยาย
นวนิยาย
นว. ป111อ ฉ.1 
  Barcode: 20344
ห้องสมุดวิทยาเขตนครสวรรค์
►นวนิยาย:l:Fiction
บนชั้น

BibComment


ยังไม่เคยถูกคอมเมนท์

คอมเมนท์ทรัพยากรรายการนี้
  คอมเมนท์: อัญมณีสีเลือด ปา..


 Copyright 2026. Bcnsprnw @Library